Municipalities of Flanders - Statistics

General Stats
  • This quiz has been taken 175 times
  • The average score is 142 of 300
Answer Stats
Hint Municipality % Correct
West Flanders Bruges
90%
West Flanders De Panne
86%
East Flanders Ghent
86%
Limburg Hasselt
86%
West Flanders Kortrijk
86%
West Flanders Ostend
86%
West Flanders Blankenberge
84%
West Flanders Ypres
84%
Antwerp Antwerp
82%
Limburg Genk
82%
East Flanders Aalst
80%
West Flanders De Haan
80%
West Flanders Diksmuide
80%
Flemish Brabant Leuven
80%
Antwerp Mechelen
80%
West Flanders Nieuwpoort
80%
West Flanders Koksijde
78%
East Flanders Aalter
76%
Flemish Brabant Bever
76%
West Flanders Knokke-Heist
76%
West Flanders Middelkerke
76%
East Flanders Sint-Niklaas
76%
Flemish Brabant Aarschot
74%
East Flanders Dendermonde
74%
Antwerp Turnhout
74%
West Flanders Veurne
74%
West Flanders Waregem
74%
Limburg As
72%
East Flanders Beveren
72%
East Flanders Deinze
72%
Flemish Brabant Diest
72%
Antwerp Lier
72%
Flemish Brabant Herent
70%
East Flanders Lokeren
70%
West Flanders Roeselare
70%
Flemish Brabant Asse
68%
Antwerp Geel
68%
East Flanders Maldegem
68%
West Flanders Poperinge
68%
Limburg Sint-Truiden
68%
Flemish Brabant Tienen
68%
Limburg Tongeren
68%
West Flanders Bredene
66%
Limburg Maasmechelen
66%
Antwerp Mol
66%
West Flanders Tielt
66%
Flemish Brabant Zaventem
66%
Limburg Beringen
64%
Antwerp Boom
64%
Antwerp Brasschaat
64%
West Flanders Damme
64%
Antwerp Herentals
64%
Flemish Brabant Vilvoorde
64%
Limburg Bree
62%
Limburg Ham
62%
Antwerp Hoogstraten
62%
West Flanders Menen
62%
Antwerp Heist-op-den-Berg
60%
Antwerp Kalmthout
60%
Antwerp Kontich
60%
East Flanders Oudenaarde
60%
Limburg Peer
60%
East Flanders Zelzate
60%
East Flanders Zulte
60%
East Flanders Eeklo
58%
West Flanders Heuvelland
58%
West Flanders Izegem
58%
Antwerp Kapellen
58%
Limburg Lommel
58%
Limburg Maaseik
58%
Antwerp Schoten
58%
Antwerp Aartselaar
56%
East Flanders Geraardsbergen
56%
West Flanders Harelbeke
56%
West Flanders Lo-Reninge
56%
Limburg Pelt
56%
East Flanders Temse
56%
West Flanders Torhout
56%
Flemish Brabant Affligem
54%
Antwerp Berlaar
54%
Antwerp Bornem
54%
Antwerp Brecht
54%
East Flanders Denderleeuw
54%
Antwerp Essen
54%
Flemish Brabant Halle
54%
East Flanders Ninove
54%
East Flanders Sint-Martens-Latem
54%
Antwerp Westerlo
54%
West Flanders Zedelgem
54%
East Flanders Zottegem
54%
West Flanders Zwevegem
54%
Limburg Bilzen
52%
Antwerp Bonheiden
52%
Flemish Brabant Gooik
52%
West Flanders Jabbeke
52%
East Flanders Lede
52%
Flemish Brabant Machelen
52%
Limburg Tessenderlo
52%
East Flanders Wetteren
52%
West Flanders Wevelgem
52%
Antwerp Zwijndrecht
52%
Antwerp Baarle-Hertog
50%
Antwerp Beerse
50%
West Flanders Dentergem
50%
Antwerp Grobbendonk
50%
Antwerp Malle
50%
Antwerp Nijlen
50%
Antwerp Putte
50%
Flemish Brabant Rotselaar
50%
Antwerp Sint-Katelijne-Waver
50%
Antwerp Stabroek
50%
Flemish Brabant Tervuren
50%
Flemish Brabant Tielt-Winge
50%
West Flanders Vleteren
50%
Antwerp Zoersel
50%
West Flanders Alveringem
48%
Flemish Brabant Bierbeek
48%
Limburg Diepenbeek
48%
Limburg Heusden-Zolder
48%
Flemish Brabant Landen
48%
Antwerp Mortsel
48%
Antwerp Olen
48%
Flemish Brabant Oud-Heverlee
48%
Antwerp Oud-Turnhout
48%
East Flanders Ronse
48%
Flemish Brabant Steenokkerzeel
48%
Antwerp Willebroek
48%
West Flanders Wingene
48%
East Flanders Zwalm
48%
West Flanders Anzegem
46%
West Flanders Ardooie
46%
Antwerp Arendonk
46%
West Flanders Beernem
46%
Antwerp Dessel
46%
Flemish Brabant Hoegaarden
46%
Antwerp Kasterlee
46%
West Flanders Lichtervelde
46%
East Flanders Lochristi
46%
Flemish Brabant Overijse
46%
Antwerp Ranst
46%
Antwerp Retie
46%
Limburg Voeren
46%
Antwerp Zandhoven
46%
Limburg Zonhoven
46%
Limburg Alken
44%
West Flanders Avelgem
44%
East Flanders Berlare
44%
Antwerp Boechout
44%
Antwerp Duffel
44%
Limburg Herk-de-Stad
44%
Limburg Houthalen-Helchteren
44%
Flemish Brabant Keerbergen
44%
West Flanders Kortemark
44%
West Flanders Langemark-Poelkapelle
44%
Antwerp Lille
44%
East Flanders Melle
44%
East Flanders Merelbeke
44%
Antwerp Niel
44%
West Flanders Oostkamp
44%
Antwerp Ravels
44%
West Flanders Wervik
44%
Antwerp Wommelgem
44%
Antwerp Wuustwezel
44%
East Flanders Zele
44%
Flemish Brabant Bekkevoort
42%
Limburg Bocholt
42%
Flemish Brabant Boortmeerbeek
42%
East Flanders Brakel
42%
West Flanders Deerlijk
42%
East Flanders De Pinte
42%
Flemish Brabant Dilbeek
42%
Limburg Dilsen-Stokkem
42%
Flemish Brabant Grimbergen
42%
Antwerp Hove
42%
Flemish Brabant Lennik
42%
Antwerp Lint
42%
Limburg Lummen
42%
Antwerp Merksplas
42%
East Flanders Nazareth
42%
Antwerp Rijkevorsel
42%
Flemish Brabant Scherpenheuvel-Zichem
42%
Antwerp Schilde
42%
Antwerp Vosselaar
42%
Antwerp Wijnegem
42%
Flemish Brabant Zemst
42%
Antwerp Balen
40%
Flemish Brabant Beersel
40%
Flemish Brabant Begijnendijk
40%
Limburg Borgloon
40%
East Flanders Evergem
40%
Flemish Brabant Galmaarden
40%
West Flanders Gistel
40%
Limburg Hamont-Achel
40%
Antwerp Herenthout
40%
Flemish Brabant Holsbeek
40%
West Flanders Ichtegem
40%
West Flanders Ingelmunster
40%
Flemish Brabant Kampenhout
40%
Limburg Kinrooi
40%
West Flanders Koekelare
40%
Limburg Leopoldsburg
40%
Flemish Brabant Lubbeek
40%
West Flanders Moorslede
40%
Antwerp Puurs-Sint-Amands
40%
East Flanders Sint-Gillis-Waas
40%
Flemish Brabant Ternat
40%
Antwerp Vorselaar
40%
East Flanders Waasmunster
40%
Antwerp Borsbeek
38%
Antwerp Edegem
38%
East Flanders Hamme
38%
Flemish Brabant Hoeilaart
38%
Flemish Brabant Kortenberg
38%
West Flanders Ledegem
38%
Flemish Brabant Liedekerke
38%
East Flanders Lievegem
38%
West Flanders Meulebeke
38%
West Flanders Oudenburg
38%
Limburg Riemst
38%
East Flanders Wachtebeke
38%
Flemish Brabant Wemmel
38%
Flemish Brabant Zoutleeuw
38%
East Flanders Assenede
36%
Limburg Hechtel-Eksel
36%
Flemish Brabant Huldenberg
36%
West Flanders Pittem
36%
Flemish Brabant Sint-Genesius-Rode
36%
West Flanders Staden
36%
Flemish Brabant Tremelo
36%
West Flanders Zonnebeke
36%
Limburg Zutendaal
36%
Flemish Brabant Boutersem
34%
East Flanders Erpe-Mere
34%
Flemish Brabant Haacht
34%
East Flanders Haaltert
34%
Flemish Brabant Herne
34%
Limburg Herstappe
34%
West Flanders Houthulst
34%
East Flanders Kaprijke
34%
West Flanders Kuurne
34%
Antwerp Laakdal
34%
East Flanders Laarne
34%
Limburg Lanaken
34%
Flemish Brabant Londerzeel
34%
Flemish Brabant Meise
34%
West Flanders Mesen
34%
Flemish Brabant Opwijk
34%
Limburg Oudsbergen
34%
Flemish Brabant Pepingen
34%
Flemish Brabant Roosdaal
34%
West Flanders Wielsbeke
34%
East Flanders Wortegem-Petegem
34%
West Flanders Zuienkerke
34%
Antwerp Herselt
32%
Antwerp Hulshout
32%
Limburg Kortessem
32%
East Flanders Kruisem
32%
East Flanders Lebbeke
32%
Antwerp Meerhout
32%
Flemish Brabant Merchtem
32%
West Flanders Oostrozebeke
32%
Antwerp Rumst
32%
East Flanders Sint-Lievens-Houtem
32%
West Flanders Spiere-Helkijn
32%
East Flanders Destelbergen
30%
East Flanders Gavere
30%
Flemish Brabant Glabbeek
30%
Limburg Halen
30%
Flemish Brabant Linkebeek
30%
East Flanders Moerbeke
30%
Antwerp Schelle
30%
Limburg Heers
28%
East Flanders Herzele
28%
Flemish Brabant Kraainem
28%
West Flanders Lendelede
28%
East Flanders Lierde
28%
East Flanders Sint-Laureins
28%
East Flanders Wichelen
28%
Flemish Brabant Bertem
26%
West Flanders Hooglede
26%
Flemish Brabant Kapelle-op-den-Bos
26%
Flemish Brabant Kortenaken
26%
West Flanders Ruiselede
26%
East Flanders Steken
26%
Limburg Wellen
26%
East Flanders Buggenhout
24%
Flemish Brabant Geetbets
24%
Limburg Gingelom
24%
Limburg Hoeselt
24%
East Flanders Kruibeke
24%
East Flanders Maarkedal
24%
East Flanders Oosterzele
24%
Flemish Brabant Sint-Pieters-Leeuw
24%
Flemish Brabant Wezembeek-Oppem
24%
Flemish Brabant Drogenbos
22%
Antwerp Hemiksem
22%
Flemish Brabant Linter
22%
East Flanders Kluisbergen
20%
Limburg Nieuwerkerken
18%
East Flanders Horebeke
4%
No matching quizzes found
Score Distribution
Percent of People with Each Score
Percentile by Number Answered
Your Score History
You have not taken this quiz